000 00469nam a2200181Ia 4500
005 20250423095816.0
008 250422s9999 xx 000 0 und d
020 _a9780132091725
050 _aTK 5103.7 .O74/
100 _aOrfanidis, Sophocles J.
245 0 _aIntroduction to digital communication
260 _aUnited Kingdom
260 _bJohn Willey & Sons, Ltd.
260 _c2022
300 _a561 p
650 _aDigital communications.
942 _cBK
999 _c31395
_d31395